000 00545nam a2200205Ii 4500
003 JO-AjNU
008 230606s9999||||xx |||||||||||||| ||und||
020 _a978-0-471-00007-5
040 _aJO-AjNU
_beng
_erda
_cJO-AjNU
041 _aeng
050 1 4 _aQA303 .A66 1967
100 3 _aApostol,tom,
_eauthor
_9791
245 0 0 _a Calculus
264 3 1 _aJohn WILEY:NEW YOK.2007
300 _a627p
336 _atext
_btxt
_2rdacontent
337 _aunmediated
_bn
_2rdamedia
338 _avolume
_bnc
_2rdacarrier
650 4 _a Calculusl. 
_9792
999 _aE417
_c417
_d417